Statistics for Country Picture Puzzle Game #5

Click here to take the quiz!

General Stats

  • This quiz has been taken 5,956 times
  • The average score is 10 of 17

Answer Stats

HintAnswer% Correct
HTML tutorial ______ Arab Emirates.United
98%
HTML tutorial _____ New Guinea.Papua
92%
HTML tutorial What is the second most populous country in the world?India
90%
HTML tutorial How many colors were there in former Libyan flag (2011)?One
87%
HTML tutorial What is the official language in Brazil?Portuguese
80%
HTML tutorial What is the capital city of Texas?Austin
77%
HTML tutorial What country has the most lakes in the world?Canada
75%
HTML tutorial What is the capital city of PRC?Beijing
71%
HTML tutorial What is the second biggest river in Europe?Danube
69%
Egypt
59%
HTML tutorial What is the most populous island in the world?Java
48%
HTML tutorial What is the common name for Northern European countries?Nordic Countries
46%
HTML tutorial What is the biggest river in Liechtenstein?Rhine
44%
HTML tutorial What is the biggest city of Corsica?Ajaccio
29%
HTML tutorial In what island is Copenhagen located?Zealand
27%
HTML tutorial What is the biggest Spanish city in North Africa?Ceuta
26%
HTML tutorial With what sea besides Black, both Russia and Ukraine have borders?Sea of Azov
25%

Score Distribution

Percentile by Number Answered

Percent of People with Each Score

Your Score History

You have not taken this quiz